[Event "Voronezh op-B 15th"]
[Site "Voronezh"]
[Date "2011.06.18"]
[Round "7"]
[White "Pozhidaev, Eduard"]
[Black "Mikhailov, Artem"]
[Result "1-0"]
[WhiteElo "2077"]
[BlackElo "1666"]
[PlyCount "117"]
[EventDate "2011.06.12"]
[EventType "swiss"]
[EventRounds "9"]
[EventCountry "RUS"]
[SourceTitle "CBM 143 Extra"]
[Source "ChessBase"]
[SourceDate "2011.08.29"]
[SourceVersion "1"]
[SourceVersionDate "2011.08.29"]
[SourceQuality "1"]

1. d4 f5 2. c4 d6 3. g3 c6 4. Bg2 Qc7 5. Nf3 e5 6. Nc3 Nf6 7. 0-0 Be7 8. Qb3 e4 9. Ng5 h6 10. Nh3 Be6 11. Nf4 Bf7 12. d5 0-0 13. Nd1 Nbd7 14. Be3 Ng4 15. Bd4 cxd5 16. cxd5 Bf6 17. Bxf6 Ngxf6 18. Ne3 Nc5 19. Qc4 g6 20. Rac1 Rac8 21. Qd4 Qe7 22. b4 Ncd7 23. Qxa7 Ne5 24. Qb6 Qd7 25. Bh3 Rfe8 26. a4 Neg4 27. Qd4 Nxe3 28. fxe3 Qe7 29. Rfd1 Qe5 30. Rxc8 Rxc8 31. Ne6 Qxd4 32. Rxd4 Bxe6 33. dxe6 d5 34. b5 Kf8 35. a5 Rc3 36. Rb4 Rc7 37. b6 Rc1+ 38. Kf2 Ra1 39. Rb5 Ke7 40. Rc5 Ne8 41. Rxd5 Nd6 42. g4 Kxe6 43. Rc5 Ra4 44. Kg3 Ra3 45. gxf5+ gxf5 46. Kf4 Ra1 47. Kg3 Ra3 48. Kf2 Ra2 49. Ke1 Ra4 50. Kd2 Rc4 51. Bxf5+ Kf6 52. Rxc4 Nxc4+ 53. Kc3 Nd6 54. Bh3 Ke5 55. Kb4 Kd5 56. Bd7 h5 57. h4 Nc4 58. Be6+ Kxe6 59. Kxc4 1-0

[Event "Voronezh op-B 15th"]
[Site "Voronezh"]
[Date "2011.06.16"]
[Round "5"]
[White "Pozhidaev, Eduard"]
[Black "Sukhareva, Valentina"]
[Result "1-0"]
[WhiteElo "2077"]
[BlackElo "1947"]
[PlyCount "92"]
[EventDate "2011.06.12"]
[EventType "swiss"]
[EventRounds "9"]
[EventCountry "RUS"]
[SourceTitle "CBM 143 Extra"]
[Source "ChessBase"]
[SourceDate "2011.08.29"]
[SourceVersion "1"]
[SourceVersionDate "2011.08.29"]
[SourceQuality "1"]

1. d4 f5 2. c4 e6 3. Nc3 Nf6 4. Bg5 Be7 5. Nf3 0-0 6. e3 b6 7. g3 Bb7 8. Bg2 Ne4 9. Bxe7 Qxe7 10. Qb3 d6 11. 0-0 Nd7 12. Rfd1 Ndf6 13. h3 Kh8 14. Rac1 c5 15. Ne2 Rad8 16. Nh4 cxd4 17. Nxd4 d5 18. cxd5 Bxd5 19. Qa4 Nc5 20. Qa3 Bxg2 21. Nxg2 a5 22. Ne1 Nfe4 23. Nd3 Qg5 24. Nf3 Qh6 25. h4 Qg6 26. Nde5 Qf6 27. b4 axb4 28. Qxb4 Rxd1+ 29. Rxd1 Rb8 30. Qd4 h6 31. Kg2 Kh7 32. Ne1 Ra8 33. Qa1 Rxa2 34. Qxa2 Nc3 35. Qd2 Nxd1 36. N1f3 Nxe3+ 37. Qxe3 Qd8 38. Qd4 Qc7 39. g4 Kg8 40. gxf5 exf5 41. Qd5+ Kh7 42. h5 Ne4 43. Nd7 Nd6 44. Nf8+ Kh8 45. Nh4 Nf7 46. Nxf5 Kg8 1-0

[Event "Voronezh Region-ch Seniors"]
[Site "Voronezh"]
[Date "2009.11.28"]
[Round "9.2"]
[White "Pozhidaev, Eduard"]
[Black "Matveenko, Yury"]
[Result "1-0"]
[WhiteElo "2083"]
[BlackElo "2142"]
[PlyCount "61"]
[EventDate "2009.11.20"]
[EventType "swiss"]
[EventRounds "9"]
[EventCountry "RUS"]
[SourceTitle "EXT 2022"]
[Source "ChessBase"]
[SourceDate "2021.10.06"]
[SourceVersion "1"]
[SourceVersionDate "2021.10.06"]
[SourceQuality "1"]

1. d4 d5 2. c4 c6 3. Nc3 Nf6 4. e3 e6 5. Nf3 Nbd7 6. Bd3 dxc4 7. Bxc4 b5 8. Bd3 b4 9. Ne4 Bb7 10. 0-0 c5 11. Nxc5 Nxc5 12. dxc5 Bxc5 13. Qa4+ Ke7 14. Be2 Qb6 15. Ne5 Rhd8 16. Bf3 Nd5 17. a3 a5 18. Bd2 Ba6 19. Nc6+ Kf8 20. Nxd8 Bxf1 21. Nxe6+ fxe6 22. axb4 Rc8 23. bxc5 Qxb2 24. Bxd5 exd5 25. Qxa5 Bd3 26. Bc3 Qb7 27. Bd4 Rb8 28. h3 Qc6 29. Qa7 Rb7 30. Qa8+ Kf7 31. Ra7 1-0

[Event "Voronezh Region-ch Seniors"]
[Site "Voronezh"]
[Date "2009.11.27"]
[Round "8.5"]
[White "Pirozhkov, Yury"]
[Black "Pozhidaev, Eduard"]
[Result "0-1"]
[WhiteElo "1782"]
[BlackElo "2083"]
[PlyCount "26"]
[EventDate "2009.11.20"]
[EventType "swiss"]
[EventRounds "9"]
[EventCountry "RUS"]
[SourceTitle "EXT 2022"]
[Source "ChessBase"]
[SourceDate "2021.10.06"]
[SourceVersion "1"]
[SourceVersionDate "2021.10.06"]
[SourceQuality "1"]

1. g4 d5 2. Bg2 Bxg4 3. c4 c6 4. cxd5 cxd5 5. Qb3 Qc8 6. Nc3 Nf6 7. Nxd5 Nc6 8. Nxf6+ gxf6 9. Qa4 Bd7 10. Nf3 e5 11. a3 Nb4 12. Qd1 Nc2+ 13. Kf1 Nxa1 0-1

[Event "Voronezh Region-ch Seniors"]
[Site "Voronezh"]
[Date "2009.11.25"]
[Round "6.5"]
[White "Pozhidaev, Eduard"]
[Black "Zolotukhin, Alexander"]
[Result "1-0"]
[WhiteElo "2083"]
[BlackElo "2090"]
[PlyCount "45"]
[EventDate "2009.11.20"]
[EventType "swiss"]
[EventRounds "9"]
[EventCountry "RUS"]
[SourceTitle "EXT 2022"]
[Source "ChessBase"]
[SourceDate "2021.10.06"]
[SourceVersion "1"]
[SourceVersionDate "2021.10.06"]
[SourceQuality "1"]

1. d4 c5 2. d5 Nf6 3. c4 d6 4. Nc3 e5 5. e4 Be7 6. Be2 0-0 7. Nf3 h6 8. 0-0 Nh7 9. Qc2 f5 10. exf5 Bxf5 11. Bd3 Bxd3 12. Qxd3 Ng5 13. Ne1 Nd7 14. f4 exf4 15. Bxf4 Bf6 16. Bxd6 Bd4+ 17. Kh1 Rxf1+ 18. Qxf1 Nf6 19. Bf4 Nfe4 20. Bxg5 Qxg5 21. Nxe4 Qg6 22. Ng3 Rf8 23. Nf3 1-0

[Event "Voronezh Region-ch Seniors"]
[Site "Voronezh"]
[Date "2008.11.22"]
[Round "5"]
[White "Pozhidaev, Eduard"]
[Black "Kaverin, Boris"]
[Result "0-1"]
[WhiteElo "2100"]
[BlackElo "2114"]
[PlyCount "61"]
[EventDate "2008.11.18"]
[EventType "swiss"]
[EventRounds "9"]
[EventCountry "RUS"]
[SourceTitle "EXT 2010"]
[Source "ChessBase"]
[SourceDate "2010.11.25"]
[SourceVersion "1"]
[SourceVersionDate "2010.11.25"]
[SourceQuality "1"]

1. d4 Nf6 2. c4 c5 3. d5 e6 4. Nc3 exd5 5. cxd5 d6 6. g3 g6 7. Bg2 Bg7 8. Bg5 0-0 9. e4 a6 10. a4 h6 11. Bd2 Re8 12. Nge2 Nbd7 13. 0-0 Rb8 14. Bf4 Ne5 15. Qd2 Kh7 16. h3 b5 17. Bxe5 Rxe5 18. axb5 axb5 19. Qe3 b4 20. f4 Re7 21. Na4 Nxe4 22. Bxe4 f5 23. Qf2 Rxe4 24. Rfe1 Bd7 25. Kg2 Qe8 26. Nxc5 dxc5 27. Ng1 Bd4 28. Qd2 Ra8 29. Rab1 Ra2 30. Ne2 Bg7 31. Ng1 0-1

[Event "Voronezh Region-ch Seniors"]
[Site "Voronezh"]
[Date "2008.11.21"]
[Round "4"]
[White "Kopytin, Vladimir"]
[Black "Pozhidaev, Eduard"]
[Result "1-0"]
[WhiteElo "2096"]
[BlackElo "2100"]
[PlyCount "75"]
[EventDate "2008.11.18"]
[EventType "swiss"]
[EventRounds "9"]
[EventCountry "RUS"]
[SourceTitle "EXT 2010"]
[Source "ChessBase"]
[SourceDate "2010.11.25"]
[SourceVersion "1"]
[SourceVersionDate "2010.11.25"]
[SourceQuality "1"]

1. e4 c5 2. Nc3 Nc6 3. f4 g6 4. Nf3 Bg7 5. Bc4 e6 6. d3 Nge7 7. e5 a6 8. Ne4 0-0 9. Nxc5 Qb6 10. Ne4 Nf5 11. Qe2 Rd8 12. c3 Na5 13. g4 d5 14. exd6 Nxd6 15. Nxd6 Rxd6 16. d4 Qc6 17. Bd3 f5 18. Rg1 b5 19. Ne5 Qc7 20. Be3 Nc6 21. Qf2 Bxe5 22. fxe5 Nxe5 23. Be2 Nc4 24. Bf4 Qb6 25. b3 Na3 26. Bf3 Ra7 27. Be5 Rdd7 28. Qb2 b4 29. c4 Rxd4 30. Qxd4 Qxd4 31. Bxd4 Nc2+ 32. Kf2 Nxd4 33. gxf5 Rf7 34. Rad1 Nxf3 35. Kxf3 Bb7+ 36. Ke3 exf5 37. Kf4 Kg7 38. h4 1-0

[Event "Voronezh Region-ch Seniors"]
[Site "Voronezh"]
[Date "2007.11.27"]
[Round "8"]
[White "Ajrapetian, Nikita"]
[Black "Pozhidaev, Eduard"]
[Result "1-0"]
[WhiteElo "2096"]
[BlackElo "2113"]
[PlyCount "58"]
[EventDate "2007.11.20"]
[EventType "swiss"]
[EventRounds "9"]
[EventCountry "RUS"]
[SourceTitle "EXT 2022"]
[Source "ChessBase"]
[SourceDate "2021.10.06"]
[SourceVersion "1"]
[SourceVersionDate "2021.10.06"]
[SourceQuality "1"]

1. e4 g6 2. d4 d6 3. Nc3 Bg7 4. f4 Nf6 5. Nf3 0-0 6. Bd3 c5 7. d5 a6 8. a4 Nbd7 9. 0-0 b6 10. h3 Rb8 11. Qe2 Nh5 12. Kh2 Ra8 13. g4 Nhf6 14. e5 Ne8 15. Bd2 Nc7 16. g5 e6 17. dxe6 Nxe6 18. f5 Nd4 19. Nxd4 cxd4 20. f6 Re8 21. Qf3 Nxe5 22. Qxa8 dxc3 23. Bxc3 Qd7 24. Qg2 Bf8 25. Be4 Nc4 26. Bc6 Qc7 27. Bxe8 d5+ 28. Kh1 d4 29. Bxd4 Bb7 1-0

[Event "Voronezh Region-ch Seniors"]
[Site "Voronezh"]
[Date "2007.11.24"]
[Round "5"]
[White "Khashimov, Vasily"]
[Black "Pozhidaev, Eduard"]
[Result "1/2-1/2"]
[WhiteElo "2188"]
[BlackElo "2113"]
[PlyCount "46"]
[EventDate "2007.11.20"]
[EventType "swiss"]
[EventRounds "9"]
[EventCountry "RUS"]
[SourceTitle "EXT 2022"]
[Source "ChessBase"]
[SourceDate "2021.10.06"]
[SourceVersion "1"]
[SourceVersionDate "2021.10.06"]
[SourceQuality "1"]

1. d4 Nf6 2. c4 e6 3. Nf3 b6 4. Nc3 Bb7 5. a3 Be7 6. Bf4 0-0 7. e3 d5 8. cxd5 Nxd5 9. Nxd5 Bxd5 10. Bd3 Nd7 11. Qc2 h6 12. Qxc7 Qxc7 13. Bxc7 Rac8 14. Bg3 f5 15. 0-0 g5 16. Rac1 Bxf3 17. gxf3 h5 18. Ba6 Rxc1 19. Rxc1 h4 20. Bc7 Nf6 21. Bb7 Rf7 22. Be5 Nd7 23. Bc7 Nf6 1/2-1/2

[Event "Voronezh Region-ch Seniors"]
[Site "Voronezh"]
[Date "2007.11.22"]
[Round "3"]
[White "Kopytin, Vladimir"]
[Black "Pozhidaev, Eduard"]
[Result "1/2-1/2"]
[WhiteElo "2130"]
[BlackElo "2113"]
[PlyCount "38"]
[EventDate "2007.11.20"]
[EventType "swiss"]
[EventRounds "9"]
[EventCountry "RUS"]
[SourceTitle "EXT 2022"]
[Source "ChessBase"]
[SourceDate "2021.10.06"]
[SourceVersion "1"]
[SourceVersionDate "2021.10.06"]
[SourceQuality "1"]

1. e4 c5 2. Nf3 d6 3. Bb5+ Bd7 4. Bxd7+ Qxd7 5. e5 Nc6 6. Qe2 e6 7. 0-0 d5 8. d3 Nge7 9. c3 Ng6 10. Re1 Be7 11. Nbd2 0-0 12. Nf1 b5 13. Ng3 Rab8 14. Nh5 b4 15. c4 dxc4 16. dxc4 Nd4 17. Nxd4 cxd4 18. g3 Rfe8 19. Nf4 a5 1/2-1/2

[Event "Voronezh Region-ch Seniors"]
[Site "Voronezh"]
[Date "2006.12.05"]
[Round "10"]
[White "Pozhidaev, Eduard"]
[Black "Filippov, Vladimir Mikhailovi"]
[Result "1-0"]
[WhiteElo "2095"]
[BlackElo "2106"]
[PlyCount "101"]
[EventDate "2006.11.26"]
[EventType "tourn"]
[EventRounds "11"]
[EventCountry "RUS"]
[SourceTitle "EXT 2019"]
[Source "ChessBase"]
[SourceDate "2018.10.10"]
[SourceVersion "1"]
[SourceVersionDate "2018.10.10"]
[SourceQuality "1"]

1. d4 Nf6 2. c4 g6 3. Nc3 Bg7 4. e4 d6 5. Be2 0-0 6. Nf3 e5 7. d5 Na6 8. Bg5 h6 9. Bd2 Nc5 10. Qc2 a5 11. Be3 b6 12. a3 Ng4 13. Bxc5 bxc5 14. h3 Nf6 15. Nb5 Nh5 16. g3 f5 17. Nh4 Nf4 18. Bf3 Bf6 19. Nxf5 gxf5 20. gxf4 exf4 21. 0-0-0 Bg7 22. Rhg1 Bd7 23. Qc3 Rf7 24. Qc2 Bxb5 25. cxb5 Qf6 26. exf5 Qxf5 27. Qxf5 Rxf5 28. Bg4 Re5 29. Rde1 Rxe1+ 30. Rxe1 Be5 31. Be6+ Kg7 32. Kc2 Rb8 33. a4 Rf8 34. Rg1+ Kh7 35. f3 Bg7 36. Kd3 h5 37. b3 Bh6 38. Ke4 Re8 39. Rg2 Kh8 40. Kf5 Rf8+ 41. Kg6 Bg7 42. Kxh5 Rf6 43. Rg5 Kh7 44. Kg4 Bh6 45. Bf5+ Kh8 46. Rg6 Rxg6+ 47. Bxg6 Kg8 48. Kf5 Kf8 49. Ke6 c4 50. bxc4 Bg7 51. Kd7 1-0

[Event "Voronezh Region-ch Seniors"]
[Site "Voronezh"]
[Date "2006.11.27"]
[Round "2"]
[White "Khashimov, Vasily"]
[Black "Pozhidaev, Eduard"]
[Result "0-1"]
[WhiteElo "2185"]
[BlackElo "2095"]
[PlyCount "40"]
[EventDate "2006.11.26"]
[EventType "tourn"]
[EventRounds "11"]
[EventCountry "RUS"]
[SourceTitle "EXT 2019"]
[Source "ChessBase"]
[SourceDate "2018.10.10"]
[SourceVersion "1"]
[SourceVersionDate "2018.10.10"]
[SourceQuality "1"]

1. d4 Nf6 2. Bf4 d5 3. c3 e6 4. e3 Nbd7 5. Nd2 Bd6 6. Ngf3 0-0 7. Bd3 Qe7 8. Qc2 e5 9. dxe5 Nxe5 10. Bxe5 Bxe5 11. Nxe5 Qxe5 12. h3 c5 13. Nf3 Qh5 14. 0-0 Bxh3 15. gxh3 Qxf3 16. Kh2 Ne4 17. Bxe4 dxe4 18. Rg1 Qf5 19. Rg3 Rad8 20. Rag1 g6 0-1